When Nature Speaks: A Mediated Moderation analysis of how Destination Anthropomorphism shapes Travel Intention/ (Record no. 616462)

000 -LEADER
fixed length control field 00533nam a22001577a 4500
003 - CONTROL NUMBER IDENTIFIER
control field NUST
038 ## - RECORD CONTENT LICENSOR
Staff Name Nusrat Nadeem
082 ## - DEWEY DECIMAL CLASSIFICATION NUMBER
Classification number 200
100 ## - MAIN ENTRY--PERSONAL NAME
Personal name Sana Hamyun
245 ## - TITLE STATEMENT
Title When Nature Speaks: A Mediated Moderation analysis of how Destination Anthropomorphism shapes Travel Intention/
Statement of responsibility, etc. Hamyun Sana
264 ## - PRODUCTION, PUBLICATION, DISTRIBUTION, MANUFACTURE, AND COPYRIGHT NOTICE
Place of production, publication, distribution, manufacture Islamabad:
Name of producer, publisher, distributor, manufacturer NBS NUST.
Date of production, publication, distribution, manufacture, or copyright notice 2026.
650 ## - SUBJECT ADDED ENTRY--TOPICAL TERM
Topical term or geographic name entry element MS-Marketing
700 ## - ADDED ENTRY--PERSONAL NAME
Personal name Supervisor: Dr. Muhammad Kashif
856 ## - ELECTRONIC LOCATION AND ACCESS
Uniform Resource Identifier <a href="http://10.250.8.41:8080/xmlui/handle/123456789/57407">http://10.250.8.41:8080/xmlui/handle/123456789/57407</a>
942 ## - ADDED ENTRY ELEMENTS (KOHA)
Source of classification or shelving scheme
Koha item type Soft Copy
Holdings
Withdrawn status Permanent Location Current Location Shelving location Date acquired Full call number Barcode Koha item type
  Central Library (CL) Central Library (CL) Thesis 03/02/2026 200 CL-T-7772 Soft Copy
© 2023 Central Library, National University of Sciences and Technology. All Rights Reserved.